01473cam a22003135i 4500999001700000003000900017005001700026008004100043020001500084020001800099040003700117082002100154100002700175245006800202250002300270264006400293300005300357336002600410337002800436338002700464500004300491504005100534520032300585651004100908653003400949655001700983942001201000952014701012 c27761d27732EG-ScBUE20191202131624.0010723r20022000enkab f b 001 0 eng d a052179482X a9780521794824 aDLCbengerdacDLCdUkdEG-ScBUE04a953.305bDRE2221 aDresch, Paul,eauthor.12aA history of modern Yemen /cPaul Dresch, University of Oxford. aReprinted edition. 1aCambridge ;aNew York :bCambridge University Press,c2002. axviii, 285 pages :billustrations, maps ;c24 cm atextbtxt2rdacontent aunmediatedbn2rdamedia avolumebnc2rdacarrier aReprinted for First Published by 2000. aIncludes bibliographical references and index. aFast-moving and accessible, Paul Dresch's history describes the major events which have taken place in Yemen over the last century, through the colonial encounter, civil war and finally to a unified independent state. This is a book for anyone interested in discovering more about a little-known slice of Arab history. 7aYemenxHistoryy20th century.2BUEsh bMASPPSSbBUSBOLcNovember2019 vReading book 2ddccBB 00102ddc40708BaccahaMAINbMAINc2NDd2019-11-14ePurchaseg460.00l0o953.305 DREp000044692r2025-07-15 00:00:00v575.00w2019-11-14yBB